00769nam a22002297a 450000500170000001000110001702000220002803500110005003700160006104000120007708200120008924500640010126000430016527000340020830000200024265000310026265000350029370000250032894200200035399900190037395201470039220170124110114.0 a788854 c00.00a0246108916 a788854 bCen Lib/Ret aDPLbEN aS-bBES aThe best american short stories /cedited by Martha Foley  aLondon bHart-Davis, MacGibbon c1974  bLondon a3 upperjames street  a340p.c17cm(Hb) aEnglish literature 976279 aShort stories, American976280 aFoley, Martha976281 2ddccENhSmBES c130649d130649 04104070aLbLd2015-07-10eCen Lib/Retg0.00l0oS- BESp788854r2015-07-10 00:00:00t1v0.00w2015-07-10yENzW/d List 8137/9; dtd 21/2/17